| 000 | 004740000a22001930004500 | ||
|---|---|---|---|
| 001 | 004529 | ||
| 003 | MACL | ||
| 005 | 20150729144011.0 | ||
| 008 | 150729b xxu||||| |||| 00| 0 eng d | ||
| 040 |
_aMACL _cMACL |
||
| 041 | _aEnglish | ||
| 082 | _a333.7/BAS | ||
| 100 |
_a Basu, Pahari _93201 |
||
| 245 |
_aEnvironment And Society _cPahari Basu |
||
| 260 |
_aNew Delhi _bReliance Publishing House |
||
| 350 | _a200 | ||
| 650 |
_aEconomics _93203 |
||
| 942 |
_k334 _cBK _2ddc |
||
| 999 |
_c16418 _d16418 |
||